000 00975cam a2200277 a 4500
999 _c129389
_d129389
001 4832289
003 ARRUPE
005 20190423122113.0
008 890815s1988 rh b 000 0 eng
010 _a 89980642
020 _a0908311060
040 _aDLC
_cDLC
_dDLC
043 _afs-----
050 0 0 _aBT82.2
_b.G545 1988
082 0 0 _a276.8/0828
_220
100 1 _aGifford, Paul,
_d1944-
_945796
245 1 4 _aThe religious right in southern Africa /
_cPaul Gifford.
260 _aHarare, Zimbabwe :
_bBaobab Books :
_bUniversity of Zimbabwe Publications,
_cc1988.
300 _aix, 118 p. ;
_c21 cm.
504 _aIncludes bibliographical references (p. 111-118).
650 0 _aReligious right
_zAfrica, Southern.
_945797
651 0 _aAfrica, Southern
_xChurch history.
_929417
906 _a7
_bcbc
_corignew
_d3
_encip
_f19
_gy-gencatlg
942 _2lcc
_cMONOGRAPH